[Event "Stay Safe Play From Home 297"]
[Site "Emanuel Lasker Arena"]
[Date "2020.07.12"]
[Round "4"]
[White "Umitkarabulut03"]
[Black "Buzaglo"]
[Result "0-1"]
[WhiteElo "1604"]
[BlackElo "1755"]
[Annotator "NA RC"]
[PlyCount "140"]
[EventDate "2020.07.12"]
[EventType "swiss (blitz)"]

1. d4 {[%emt 0:00:05]} d5 {[%emt 0:00:01]} 2. c4 {[%emt 0:00:01]} e6 {[%emt 0:00:01]} 3. cxd5 {[%emt 0:00:02]} exd5 {[%emt 0:00:01]} 4. Nc3 {[%emt 0:00:00]} Nf6 {[%emt 0:00:01]} 5. Bg5 {[%emt 0:00:02]} Be7 {[%emt 0:00:01]} 6. Nf3 {[%emt 0:00:01]} O-O {[%emt 0:00:01]} 7. e3 {[%emt 0:00:03]} Ne4 {[%emt 0:00:02]} 8. Bxe7 {[%emt 0:00:04]} Nxc3 {[%emt 0:00:05]} 9. Bxd8 {[%emt 0:00:12]} Nxd1 {[%emt 0:00:01]} 10. Rxd1 {[%emt 0:00:09]} Rxd8 {[%emt 0:00:02]} 11. Bd3 {[%emt 0:00:03]} Bg4 {[%emt 0:00:05]} 12. Rc1 {[%emt 0:00:10]} Bxf3 {[%emt 0:00:11]} 13. gxf3 {[%emt 0:00:01]} c6 {[%emt 0:00:00]} 14. Ke2 {[%emt 0:00:01]} Nd7 {[%emt 0:00:01]} 15. b4 {[%emt 0:00:06]} a5 {[%emt 0:00:03]} 16. b5 {[%emt 0:00:02]} Rac8 {[%emt 0:00:30]} 17. bxc6 {[%emt 0:00:05]} Rxc6 {[%emt 0:00:02]} 18. Bb5 {[%emt 0:00:08]} Rb6 {[%emt 0:00:03]} 19. Bxd7 {[%emt 0:00:14]} Rb2+ {[%emt 0:00:04]} 20. Kf1 {[%emt 0:00:13]} Rxa2 {[%emt 0:00:01]} 21. Kg2 {[%emt 0:00:12]} g6 {[%emt 0:00:03]} 22. Rc8 {[%emt 0:00:22]} Rxc8 {[%emt 0:00:02]} 23. Bxc8 {[%emt 0:00:01]} b5 {[%emt 0:00:00]} 24. Rc1 {[%emt 0:00:03]} b4 {[%emt 0:00:04]} 25. Bb7 {[%emt 0:00:02]} a4 {[%emt 0:00:12]} 26. Bxd5 {[%emt 0:00:02]} Rb2 {[%emt 0:00:01]} 27. Rc7 {[%emt 0:00:10]} Kf8 {[%emt 0:00:15]} 28. Rxf7+ {[%emt 0:00:02]} Ke8 {[%emt 0:00:01]} 29. Ra7 {[%emt 0:00:22]} a3 {[%emt 0:00:01]} 30. e4 {[%emt 0:00:08]} Rd2 {[%emt 0:00:03]} 31. Rxh7 {[%emt 0:00:12]} Rxd4 {[%emt 0:00:02]} 32. Rb7 {[%emt 0:00:12]} Kd8 {[%emt 0:00:12]} 33. Rb6 {[%emt 0:00:12]} g5 {[%emt 0:00:05]} 34. Kg3 {[%emt 0:00:05]} Kc7 {[%emt 0:00:01]} 35. Ra6 {[%emt 0:00:12]} Rd3 {[%emt 0:00:11]} 36. Ra4 {[%emt 0:00:08]} Rd4 {[%emt 0:00:11]} 37. Kg4 {[%emt 0:00:02]} Kb6 {[%emt 0:00:01]} 38. Kxg5 {[%emt 0:00:03]} Kb5 {[%emt 0:00:01]} 39. Ra8 {[%emt 0:00:02]} Rd2 {[%emt 0:00:04]} 40. h4 {[%emt 0:00:02]} Rxf2 {[%emt 0:00:01]} 41. Kg4 {[%emt 0:00:02]} Rg2+ {[%emt 0:00:02]} 42. Kh3 {[%emt 0:00:02]} Rf2 {[%emt 0:00:02]} 43. Kg4 {[%emt 0:00:01]} Rg2+ {[%emt 0:00:01]} 44. Kf4 {[%emt 0:00:03]} Rh2 {[%emt 0:00:01]} 45. Kg3 {[%emt 0:00:04]} Rh1 {[%emt 0:00:01]} 46. f4 {[%emt 0:00:03]} Rg1+ {[%emt 0:00:02]} 47. Kf2 {[%emt 0:00:01]} Rg4 {[%emt 0:00:02]} 48. f5 {[%emt 0:00:02]} Rxh4 {[%emt 0:00:02]} 49. f6 {[%emt 0:00:01]} Rf4+ {[%emt 0:00:02]} 50. Ke3 {[%emt 0:00:01]} Rxf6 {[%emt 0:00:01]} 51. Rb8+ {[%emt 0:00:01]} Ka4 {[%emt 0:00:02]} 52. Ra8+ {[%emt 0:00:03]} Kb5 {[%emt 0:00:02]} 53. Rb8+ {[%emt 0:00:00] Umitkarabulut03 beraberlik teklif ediyor} Ka5 {[%emt 0:00:03]} 54. Ra8+ {[%emt 0:00:01]} Kb6 {[%emt 0:00:01]} 55. Bc4 {[%emt 0:00:02]} Kc5 {[%emt 0:00:01]} 56. Bb3 {[%emt 0:00:03]} Rh6 {[%emt 0:00:03]} 57. Ra5+ {[%emt 0:00:01]} Kb6 {[%emt 0:00:02]} 58. Ra6+ {[%emt 0:00:00]} Kxa6 {[%emt 0:00:01]} 59. Kd4 {[%emt 0:00:01]} Ka5 {[%emt 0:00:01]} 60. e5 {[%emt 0:00:01]} Rh4+ {[%emt 0:00:01]} 61. Kd5 {[%emt 0:00:01]} Rh3 {[%emt 0:00:01]} 62. Bc4 {[%emt 0:00:01]} Ka4 {[%emt 0:00:02]} 63. e6 {[%emt 0:00:03]} b3 {[%emt 0:00:02]} 64. e7 {[%emt 0:00:01]} Rh8 {[%emt 0:00:03]} 65. Ke6 {[%emt 0:00:01]} b2 {[%emt 0:00:01]} 66. Bd3 {[%emt 0:00:02]} a2 {[%emt 0:00:01]} 67. Kd7 {[%emt 0:00:02]} a1=Q {[%emt 0:00:01]} 68. e8=Q {[%emt 0:00:00]} Rxe8 {[%emt 0:00:01]} 69. Kxe8 {[%emt 0:00:00]} b1=Q {[%emt 0:00:01]} 70. Be4 {[%emt 0:00:00]} Qxe4+ {[%emt 0:00:01] Umitkarabulut03 terk eder (Lag: Av=0.60s, max=4.6s)} 0-1

[Event "Stay Safe Play From Home 297"]
[Site "Emanuel Lasker Arena"]
[Date "2020.07.14"]
[Round "4"]
[White "Perca"]
[Black "Buzaglo"]
[Result "0-1"]
[WhiteElo "1525"]
[BlackElo "1797"]
[Annotator "NA RC"]
[PlyCount "50"]
[EventDate "2020.07.14"]
[EventType "swiss (blitz)"]

1. e4 {[%emt 0:00:03]} e6 {[%emt 0:00:00]} 2. d3 {[%emt 0:00:01]} d5 {[%emt 0:00:00]} 3. exd5 {[%emt 0:00:01]} exd5 {[%emt 0:00:00]} 4. d4 {[%emt 0:00:01]} Nf6 {[%emt 0:00:00]} 5. Be3 {[%emt 0:00:01]} c5 {[%emt 0:00:00]} 6. dxc5 {[%emt 0:00:02]} Qa5+ {[%emt 0:00:01]} 7. Nc3 {[%emt 0:00:04]} Bxc5 {[%emt 0:00:03]} 8. Bxc5 {[%emt 0:00:02]} Qxc5 {[%emt 0:00:00]} 9. Nf3 {[%emt 0:00:02]} O-O {[%emt 0:00:02]} 10. Qd4 {[%emt 0:00:03]} Re8+ {[%emt 0:00:01]} 11. Be2 {[%emt 0:00:01]} Qd6 {[%emt 0:00:02]} 12. O-O-O {[%emt 0:00:01]} Nc6 {[%emt 0:00:02]} 13. Qd2 {[%emt 0:00:03]} Bf5 {[%emt 0:00:01]} 14. Nd4 {[%emt 0:00:01]} Nxd4 {[%emt 0:00:03]} 15. Qxd4 {[%emt 0:00:00]} Rac8 {[%emt 0:00:04]} 16. h3 {[%emt 0:00:02]} Bg6 {[%emt 0:00:02]} 17. h4 {[%emt 0:00:02]} b5 {[%emt 0:00:06]} 18. Bd3 {[%emt 0:00:02]} Bxd3 {[%emt 0:00:02]} 19. Rxd3 {[%emt 0:00:02]} b4 {[%emt 0:00:00]} 20. Nxd5 {[%emt 0:00:01]} Nxd5 {[%emt 0:00:05]} 21. Qxd5 {[%emt 0:00:01]} Qf4+ {[%emt 0:00:01]} 22. Kb1 {[%emt 0:00:07]} Qxf2 {[%emt 0:00:01]} 23. Rhd1 {[%emt 0:00:03]} Qxc2+ {[%emt 0:00:01]} 24. Ka1 {[%emt 0:00:02]} Qc1+ {[%emt 0:00:01]} 25. Rxc1 {[%emt 0:00:04]} Rxc1# {[%emt 0:00:00] (Lag: Av=0.85s, max=1.0s)} 0-1

[Event "Stay Safe Play From Home 297"]
[Site "Emanuel Lasker Arena"]
[Date "2020.07.12"]
[Round "4"]
[White "W Nelles"]
[Black "Timbre"]
[Result "1-0"]
[WhiteElo "1347"]
[BlackElo "1523"]
[Annotator "NA RC"]
[PlyCount "95"]
[EventDate "2020.07.12"]
[EventType "swiss (blitz)"]

1. e4 {[%emt 0:00:02]} c6 {[%emt 0:02:17]} 2. Nf3 {[%emt 0:00:03]} d5 {[%emt 0:00:02]} 3. Nc3 {[%emt 0:00:05]} Bg4 {[%emt 0:00:05]} 4. exd5 {[%emt 0:00:02]} cxd5 {[%emt 0:00:01]} 5. h3 {[%emt 0:00:02]} Bxf3 {[%emt 0:00:03]} 6. Qxf3 {[%emt 0:00:02]} e6 {[%emt 0:00:01]} 7. Bb5+ {[%emt 0:00:04]} Nc6 {[%emt 0:00:03]} 8. Bxc6+ {[%emt 0:00:02]} bxc6 {[%emt 0:00:02]} 9. O-O {[%emt 0:00:02]} Nf6 {[%emt 0:00:02]} 10. d3 {[%emt 0:00:01]} Bd6 {[%emt 0:00:02]} 11. Bg5 {[%emt 0:00:01]} Be7 {[%emt 0:00:02]} 12. Bxf6 {[%emt 0:00:01]} Bxf6 {[%emt 0:00:02]} 13. Rad1 {[%emt 0:00:03]} O-O {[%emt 0:00:02]} 14. Rfe1 {[%emt 0:00:03]} Qd7 {[%emt 0:00:07]} 15. d4 {[%emt 0:00:01]} Bd8 {[%emt 0:00:03]} 16. Ne2 {[%emt 0:00:02]} Bc7 {[%emt 0:00:03]} 17. c3 {[%emt 0:00:03]} Qd6 {[%emt 0:00:04]} 18. Ng3 {[%emt 0:00:02]} c5 {[%emt 0:00:02]} 19. Qg4 {[%emt 0:00:09]} cxd4 {[%emt 0:00:03]} 20. Rxd4 {[%emt 0:00:02]} Qe7 {[%emt 0:00:14]} 21. Nh5 {[%emt 0:00:07]} g6 {[%emt 0:00:10]} 22. Ng3 {[%emt 0:00:05]} Bxg3 {[%emt 0:00:04]} 23. Qxg3 {[%emt 0:00:03]} Qf6 {[%emt 0:00:02]} 24. Rf4 {[%emt 0:00:02]} Qg7 {[%emt 0:00:01]} 25. h4 {[%emt 0:00:02]} h5 {[%emt 0:00:03]} 26. Qd3 {[%emt 0:00:08]} Rac8 {[%emt 0:00:02]} 27. Rc1 {[%emt 0:00:03]} Qh6 {[%emt 0:00:06]} 28. Qd2 {[%emt 0:00:04]} Rc4 {[%emt 0:00:07]} 29. g3 {[%emt 0:00:07]} Rxf4 {[%emt 0:00:04]} 30. Qxf4 {[%emt 0:00:02]} Qg7 {[%emt 0:00:03]} 31. Qc7 {[%emt 0:00:06]} a6 {[%emt 0:00:04]} 32. a3 {[%emt 0:00:02]} Qf6 {[%emt 0:00:08]} 33. f4 {[%emt 0:00:07]} Qf5 {[%emt 0:00:05]} 34. Qe5 {[%emt 0:00:04]} Qd3 {[%emt 0:00:05]} 35. Qe1 {[%emt 0:00:05]} Rc8 {[%emt 0:00:06]} 36. Rd1 {[%emt 0:00:05]} Qc2 {[%emt 0:00:06]} 37. Rd2 {[%emt 0:00:02]} Qf5 {[%emt 0:00:03]} 38. Kg2 {[%emt 0:00:12]} Rc4 {[%emt 0:00:01]} 39. Qe3 {[%emt 0:00:08]} Re4 {[%emt 0:00:02]} 40. Qf2 {[%emt 0:00:02]} Qg4 {[%emt 0:00:02]} 41. Qf3 {[%emt 0:00:04]} Qf5 {[%emt 0:00:01]} 42. Re2 {[%emt 0:00:04]} Rc4 {[%emt 0:00:02]} 43. b3 {[%emt 0:00:04]} Rc8 {[%emt 0:00:03]} 44. c4 {[%emt 0:00:03]} dxc4 {[%emt 0:00:02]} 45. bxc4 {[%emt 0:00:01]} Rxc4 {[%emt 0:00:03]} 46. Qa8+ {[%emt 0:00:01]} Kg7 {[%emt 0:00:02]} 47. Qxa6 {[%emt 0:00:01]} Qd5+ {[%emt 0:00:01]} 48. Kf2 {[%emt 0:00:02] Time ' (Lag: Av=0.80s, max=1.6s)} 1-0

[Event "Stay Safe Play From Home 297"]
[Site "Emanuel Lasker Arena"]
[Date "2020.07.14"]
[Round "5"]
[White "Broken sword"]
[Black "AChessPlayer"]
[Result "0-1"]
[WhiteElo "2434"]
[BlackElo "2388"]
[Annotator "TA"]
[PlyCount "106"]
[EventDate "2020.07.14"]
[EventType "swiss (blitz)"]

{[%evp 9,106,20,23,13,45,14,77,46,89,76,83,47,63,55,58,50,190,136,161,160,154,143,271,163,150,90,129,-13,132,-996,129,56,92,0,0,-6,42,0,0,-197,-200,-1161,-1196,-1178,-1185,-1140,-1151,-1127,-1104,-1038,-639,-1416,-957,-2228,-2133,-2801,-2504,-2298,-2281,-1918,-1583,-1537,-1031,-877,-627,-616,-516,-523,-516,-687,-438,-425,-397,-465,-457,-458,-429,-581,-420,-701,-701,-674,-668,-718,-691,-631,-610,-1982,-537,-6203,-6049,-4702,-214,-196,0,0,0,0,0]} 1. e4 d6 2. d4 Nf6 3. Nc3 Nbd7 4. Be3 e5 5. Nge2 c6 6. a4 {[#] B07: Pirc Defence: Miscellaneous Systems.} Qc7 $146 ({Predecessor:} 6... Ng4 7. Bc1 Qa5 8. h3 Ngf6 9. Bd2 Qc7 10. Be3 g6 11. g4 Bg7 12. Bg2 O-O {0-1 (25) Jadrijevic,A (2242)-Jurkovic,A (2327) Zagreb 2008}) 7. f3 g6 (7... d5 $11 {keeps the balance.}) 8. Qd2 {White is better.} Bg7 9. g4 O-O 10. Ng3 exd4 11. Bxd4 Ne5 12. Be2 Re8 ({Better is} 12... Rd8 $1 $14) 13. O-O-O (13. g5 $18) 13... a6 $16 14. g5 Nfd7 15. f4 c5 (15... b5 $16 16. fxe5 Nxe5) 16. Be3 (16. fxe5 cxd4 17. Nd5 (17. Qxd4 Bxe5 18. Qb4 Qd8 $17) 17... Qc6 $11) 16... Nc6 17. Qxd6 (17. Nd5 $142 Qd8 18. f5) 17... Qa5 18. Qd2 (18. e5 $16) 18... Nb4 (18... Nb6 $11) 19. b3 $2 {[%mdl 8192]} (19. e5 $16) 19... Nf8 $2 (19... Bxc3 $1 $19 20. Qd6 Re6 21. Qxe6 fxe6) 20. Nd5 (20. e5 $16) 20... Be6 21. Nxb4 ({White should play} 21. Qxb4 $16 cxb4 22. Bb6 Bxd5 23. Bxa5 Bxe4 24. Nxe4 Rxe4 {[%mdl 64] Double Attack} 25. Bf3 Rxf4 26. Bxb7) 21... cxb4 $11 22. e5 $132 {[%mdl 2048] White is not holding back} Rec8 {...Bxb3 is the strong threat.} 23. Kb1 b5 24. Ne4 $2 (24. Bf3 $11 {and White is okay.}) 24... bxa4 $19 25. Nd6 $2 (25. Bc4 Bxc4 26. bxc4 Rxc4 27. Nd6) 25... axb3 26. cxb3 Rc3 27. Bc4 Bxc4 28. Nxc4 Rxb3+ 29. Nb2 Ne6 30. Rc1 Qa3 31. Bb6 {[#]} Nxf4 $1 {[%mdl 512]} 32. Rhe1 {[#]} (32. Qxf4 Rxb2#) 32... Nd3 $1 {[%cal Rb3b2]} 33. Rc2 Nxe1 34. Qxe1 Re8 35. Bd4 Qa5 36. Qe4 Ra3 {[%csl Ga5][%cal Ra3a1]} 37. Nc4 Qa4 {aiming for ...b3.} 38. Nxa3 bxa3 39. Ka2 Rb8 {( -> ...Qb3+)} 40. Qd3 Bf8 ({Resist} 40... Qb4 41. Rc7 $19) 41. Ba1 Qb5 ({Weaker is} 41... Qb4 42. Re2 $19) 42. Qxb5 axb5 {[%mdl 4096] Endgame KRB-KRB} ({Not} 42... Rxb5 43. Rc6 $17) 43. Kb3 b4 44. Re2 (44. Rd2 $142 Rc8 45. Rd1) 44... Rd8 45. e6 fxe6 46. Rxe6 Rd3+ 47. Kc4 Rf3 48. Be5 b3 (48... Re3 $142 {White must now prevent ...b3.} 49. h3 b3) 49. Re8 b2 50. Rb8 a2 $2 (50... Rf2 51. Bxb2 Rxb2) 51. Bxb2 a1=Q $2 (51... Rf2 $19 {Strongly threatening ...Rxb2!} 52. Kb3 Rxh2 53. Kxa2 Rg2) 52. Bxa1 $11 Rf4+ 53. Bd4 Rf5 {[%mdl 32768] White used his chance. Accuracy: White = 24%, Black = 40%. . Loss on time!?} 0-1

[Event "Stay Safe Play From Home 297"]
[Site "Emanuel Lasker Arena"]
[Date "2020.07.14"]
[Round "5"]
[White "BrainThinker22"]
[Black "Uber_WING"]
[Result "1/2-1/2"]
[WhiteElo "2425"]
[BlackElo "2452"]
[Annotator "NA"]
[PlyCount "58"]
[EventDate "2020.07.14"]
[EventType "swiss (blitz)"]

1. e4 {[%emt 0:00:01]} d5 {[%emt 0:00:01]} 2. exd5 {[%emt 0:00:01]} Qxd5 {[%emt 0:00:00]} 3. Nf3 {[%emt 0:00:01]} Nf6 {[%emt 0:00:01]} 4. Be2 {[%emt 0:00:00]} Bg4 {[%emt 0:00:01]} 5. O-O {[%emt 0:00:00]} Nc6 {[%emt 0:00:00]} 6. h3 {[%emt 0:00:01]} Bh5 {[%emt 0:00:01]} 7. d3 {[%emt 0:00:02]} O-O-O {[%emt 0:00:01]} 8. Nc3 {[%emt 0:00:00]} Qd6 {[%emt 0:00:01]} 9. Bg5 {[%emt 0:00:01]} e6 {[%emt 0:00:01]} 10. Bxf6 {[%emt 0:00:01]} gxf6 {[%emt 0:00:00]} 11. Nd2 {[%emt 0:00:01]} Bxe2 {[%emt 0:00:01]} 12. Qxe2 {[%emt 0:00:00]} Qe5 {[%emt 0:00:01]} 13. Qxe5 {[%emt 0:00:01]} Nxe5 {[%emt 0:00:00]} 14. Nf3 {[%emt 0:00:01]} Nxf3+ {[%emt 0:00:01]} 15. gxf3 {[%emt 0:00:00]} Bb4 {[%emt 0:00:00]} 16. Kh2 {[%emt 0:00:02]} Bxc3 {[%emt 0:00:01]} 17. bxc3 {[%emt 0:00:00]} Kd7 {[%emt 0:00:01]} 18. Rg1 {[%emt 0:00:01]} Rhg8 {[%emt 0:00:01]} 19. Rg3 {[%emt 0:00:00]} Rxg3 {[%emt 0:00:02]} 20. fxg3 {[%emt 0:00:00]} Kd6 {[%emt 0:00:00]} 21. Rb1 {[%emt 0:00:01]} b6 {[%emt 0:00:01]} 22. Rb4 {[%emt 0:00:00]} a5 {[%emt 0:00:01]} 23. Rd4+ {[%emt 0:00:01]} Ke7 {[%emt 0:00:01]} 24. Rxd8 {[%emt 0:00:00]} Kxd8 {[%emt 0:00:00]} 25. Kg2 {[%emt 0:00:00]} Ke7 {[%emt 0:00:00]} 26. Kf2 {[%emt 0:00:00]} f5 {[%emt 0:00:00]} 27. Ke3 {[%emt 0:00:01]} e5 {[%emt 0:00:00]} 28. c4 {[%emt 0:00:01]} c5 {[%emt 0:00:01]} 29. a4 {[%emt 0:00:01]} Ke6 {[%emt 0:00:01] BrainThinker22 offers a draw (Lag: Av=0.32s, max=0.6s)} 1/2-1/2

[Event "Stay Safe Play From Home 297"]
[Site "Emanuel Lasker Arena"]
[Date "2020.07.12"]
[Round "5"]
[White "AChessPlayer"]
[Black "Lazieri3"]
[Result "1-0"]
[WhiteElo "2343"]
[BlackElo "1984"]
[Annotator "TA"]
[PlyCount "115"]
[EventDate "2020.07.12"]
[EventType "swiss (blitz)"]

{[%evp 12,115,-1,-6,4,-17,-2,-11,-25,-24,-21,-25,4,-50,0,-20,-14,-16,-6,-18,0,0,0,-8,-7,0,0,0,0,-8,-7,-9,0,0,0,-14,-12,-28,-14,0,-5,-26,-13,-14,-20,-12,0,-2,0,0,0,0,0,0,0,0,55,-3,-21,-401,-414,-416,-383,-29991,-29992,-29992,-88,-104,-80,-96,0,0,100,100,1257,1147,1892,1329,1847,1827,1664,1706,1777,1565,2424,2055,29965,29964,29977,29977,29978,29978,29980,29981,29981,29982,29982,29983,29984,29983,29985,29984,29990,29991,29992,29991]} 1. g3 d5 2. Bg2 c6 3. Nf3 Nf6 4. d4 Bf5 5. O-O e6 6. Nbd2 {[%cal Bb1d2,Bd2f3,Bf3e5][%mdl 32]} h6 7. Ne5 Nbd7 {D02: 1 d4 d5 2 Nf3 sidelines, including 2...Nf6 3 g3 and 2...Nf6 3 Bf4.} 8. Ndf3 Nxe5 9. Nxe5 Nd7 {[#] The position is equal.} 10. Nd3 $146 ({Predecessor:} 10. Bf4 Nxe5 11. Bxe5 f6 12. Bf4 Bg6 13. Re1 Be7 14. e4 O-O 15. Qg4 Kh7 16. Qxe6 dxe4 17. Bxe4 {1-0 (30) Tomecek,J (2155)-Stradej,V Czechia 1997}) 10... Bd6 11. b3 Qe7 12. Bb2 (12. c4 $11) 12... Ba3 13. Qc1 Bxb2 14. Qxb2 (14. Nxb2 {is interesting.} h5 15. h3 h4 16. g4 Bh7 17. c4) 14... O-O 15. Rfe1 Rfe8 16. e4 dxe4 17. Bxe4 Bxe4 18. Rxe4 Qd6 19. Rae1 Nf6 20. R4e2 Red8 21. c3 b6 22. Ne5 Nd7 23. Nc4 Qc7 24. a4 c5 25. Rd2 cxd4 26. Rxd4 Nc5 {[#] White must now prevent ...Rxd4.} 27. Red1 Rxd4 28. Rxd4 Rd8 29. Qc2 Rxd4 30. cxd4 Nd7 31. Qe4 Nf6 32. Qa8+ Kh7 33. Ne5 Nd5 (33... Qc3 $11 34. Nxf7 Qa1+ 35. Kg2 Qxd4) 34. Qf8 (34. Qe8 $1 $14) 34... f6 $36 {[%mdl 2048] Black has good play.} 35. Nf3 $2 {[%mdl 8192]} (35. Nf7 $1 $11 {and White has nothing to worry.}) 35... Qc1+ $19 36. Kg2 {[#]} Qc2 $1 {[%mdl 512] ( -> ...Ne3+)} 37. Nh4 $2 (37. Kg1 $19) 37... Ne3+ 38. Kf3 Nf5 $2 (38... Nd1 {mates} 39. Qh8+ Kxh8 40. Kg4 Kh7 41. d5 Qe2+ 42. f3 Nf2+ 43. Kh5 Qe5+ {[%mdl 64] Double Attack} 44. Nf5 Qxf5+ {[%mdl 64] Double Attack} 45. Kh4 Qh3#) 39. Nxf5 $17 Qxf5+ {[%mdl 4096] Endgame KQ-KQ} 40. Ke3 Qd5 ({Better is} 40... Qg5+ $17 41. Ke2 Qd5) 41. Qb4 $11 e5 (41... Kg6 $11) 42. dxe5 $16 {aiming for Qe4+. White stays focused until the end.} Qxe5+ $2 {[%mdl 8192]} (42... Kh8 $16) 43. Qe4+ $18 Qxe4+ 44. Kxe4 {KP-KP} Kg6 45. Kd5 Kf5 46. h3 h5 47. b4 g5 48. a5 bxa5 49. bxa5 {White mates.} a6 50. Kc6 Ke4 51. Kb6 Kf3 52. Kxa6 Kxf2 53. Kb6 Kxg3 54. a6 Kxh3 {KP-KP} 55. a7 Kh2 56. a8=Q h4 57. Qf3 h3 58. Qg4 {Accuracy: White = 79%, Black = 67%.} 1-0

[Event "Stay Safe Play From Home 297"]
[Site "Emanuel Lasker Arena"]
[Date "2020.07.14"]
[Round "5"]
[White "Toosieslide"]
[Black "Sfantul321"]
[Result "1-0"]
[WhiteElo "2231"]
[BlackElo "1988"]
[Annotator "NA"]
[PlyCount "91"]
[EventDate "2020.07.14"]
[EventType "swiss (blitz)"]

1. d4 {[%emt 0:00:01]} g6 {[%emt 0:00:00]} 2. c4 {[%emt 0:00:00]} Bg7 {[%emt 0:00:00]} 3. g3 {[%emt 0:00:00]} d6 {[%emt 0:00:00]} 4. Bg2 {[%emt 0:00:00]} Nf6 {[%emt 0:00:00]} 5. Nf3 {[%emt 0:00:00]} O-O {[%emt 0:00:00]} 6. O-O {[%emt 0:00:00]} Nc6 {[%emt 0:00:00]} 7. Nc3 {[%emt 0:00:00]} e5 {[%emt 0:00:01]} 8. dxe5 {[%emt 0:00:01]} Nxe5 {[%emt 0:00:01]} 9. Bg5 {[%emt 0:00:00]} Nxf3+ {[%emt 0:00:02]} 10. Bxf3 {[%emt 0:00:01]} Bh3 {[%emt 0:00:01]} 11. Re1 {[%emt 0:00:01]} h6 {[%emt 0:00:00]} 12. Be3 {[%emt 0:00:02]} c6 {[%emt 0:00:02]} 13. Qb3 {[%emt 0:00:01]} Rb8 {[%emt 0:00:01]} 14. Rad1 {[%emt 0:00:01]} Qa5 {[%emt 0:00:04]} 15. Rxd6 {[%emt 0:00:02]} Rfd8 {[%emt 0:00:02]} 16. Red1 {[%emt 0:00:01]} Rxd6 {[%emt 0:00:01]} 17. Rxd6 {[%emt 0:00:00]} Bf8 {[%emt 0:00:00]} 18. Rd1 {[%emt 0:00:01]} Bg7 {[%emt 0:00:02]} 19. Bf4 {[%emt 0:00:01]} Re8 {[%emt 0:00:03]} 20. Qxb7 {[%emt 0:00:01]} Nh5 {[%emt 0:00:02]} 21. Bxh5 {[%emt 0:00:01]} Bxc3 {[%emt 0:00:01]} 22. Qxc6 {[%emt 0:00:05]} Rf8 {[%emt 0:00:03]} 23. Bxg6 {[%emt 0:00:02]} Kg7 {[%emt 0:00:04]} 24. bxc3 {[%emt 0:00:03]} fxg6 {[%emt 0:00:02]} 25. Rd7+ {[%emt 0:00:01]} Bxd7 {[%emt 0:00:01]} 26. Qxd7+ {[%emt 0:00:01]} Rf7 {[%emt 0:00:00]} 27. Qd4+ {[%emt 0:00:00]} Kg8 {[%emt 0:00:03]} 28. Be5 {[%emt 0:00:01]} Qb6 {[%emt 0:00:04]} 29. c5 {[%emt 0:00:03]} Qe6 {[%emt 0:00:01]} 30. c4 {[%emt 0:00:04]} Qf5 {[%emt 0:00:01]} 31. f4 {[%emt 0:00:03]} g5 {[%emt 0:00:01]} 32. Qd8+ {[%emt 0:00:02]} Rf8 {[%emt 0:00:01]} 33. Qd5+ {[%emt 0:00:00]} Qf7 {[%emt 0:00:01]} 34. Qxf7+ {[%emt 0:00:01]} Rxf7 {[%emt 0:00:01]} 35. Kf2 {[%emt 0:00:01]} gxf4 {[%emt 0:00:01]} 36. gxf4 {[%emt 0:00:01]} Kf8 {[%emt 0:00:01]} 37. c6 {[%emt 0:00:00]} Ke7 {[%emt 0:00:01]} 38. c7 {[%emt 0:00:00]} Kd7 {[%emt 0:00:01]} 39. Kf3 {[%emt 0:00:00]} h5 {[%emt 0:00:02]} 40. Kg3 {[%emt 0:00:01]} Rh7 {[%emt 0:00:01]} 41. Kh4 {[%emt 0:00:00]} Kc8 {[%emt 0:00:01]} 42. e4 {[%emt 0:00:00]} Kb7 {[%emt 0:00:01]} 43. f5 {[%emt 0:00:00]} Kc6 {[%emt 0:00:01]} 44. Kg5 {[%emt 0:00:01]} Kc5 {[%emt 0:00:01]} 45. c8=Q+ {[%emt 0:00:02]} Kb4 {[%emt 0:00:01]} 46. Qb8+ {[%emt 0:00:01] Time (Lag: Av=0.50s, max=1.1s)} 1-0

[Event "Stay Safe Play From Home 297"]
[Site "Emanuel Lasker Arena"]
[Date "2020.07.14"]
[Round "5"]
[White "Lamborghini"]
[Black "Mepe_Nika"]
[Result "0-1"]
[WhiteElo "2173"]
[BlackElo "2360"]
[Annotator "TA"]
[PlyCount "58"]
[EventDate "2020.07.14"]
[EventType "swiss (blitz)"]

{[%evp 9,58,-20,-12,-25,-20,-48,-46,-65,-57,-97,-47,-163,0,-183,-163,-260,-161,-321,-329,-554,-547,-571,-576,-670,-661,-886,-851,-907,-533,-29987,-898,-884,-56,-48,-22,-100,-95,-159,-21,-29,0,-136,-122,-314,-301,-995,-988,-1018,-886,-1163,-864]} 1. e4 g6 2. d4 Bg7 3. Nc3 d6 4. Be3 c6 5. Qf3 Nf6 6. h3 {[#] B06: Modern Defence.} O-O $146 ({Predecessor:} 6... d5 7. e5 Ne4 8. Nge2 Qa5 9. O-O-O h5 10. Rg1 Na6 11. a3 Bf5 12. g4 Nxc3 13. Nxc3 Be6 14. gxh5 Rxh5 15. Ne2 Qa4 16. Nf4 Bf5 17. Bd3 Bxd3 18. Rxd3 {0-1 (18) Plummer,M (1500)-James,M (1563) IECG email 2006}) 7. O-O-O Qa5 8. Bc4 {Black is slightly better.} b5 9. Bb3 Nbd7 10. g4 {[#]} (10. e5 $15 dxe5 11. Qxc6) 10... c5 $2 (10... b4 $1 $19 {[%cal Rb4c3]} 11. Na4 Ba6) 11. g5 $2 (11. e5 $1 $11 {and White stays safe.} dxe5 12. dxc5 (12. Qxa8 exd4 13. g5 dxc3 $17) (12. dxe5 Nxe5 13. Qxa8 Bxg4 $17 {[%mdl 64] Discovered Attack})) 11... Nh5 $19 {Threatens to win with ...c4.} 12. dxc5 (12. a3 $142) 12... Nxc5 (12... Bxc3 13. cxd6 Ne5 14. Qg2 $19) 13. Bd5 $2 (13. Nge2 {might work better.}) 13... Rb8 14. e5 $2 (14. Bd4 {was necessary.} e6 15. Bb3) 14... b4 {[%cal Bb5b4,Bb4c3,Bc3b2][%mdl 32]} 15. Bxc5 bxc3 16. Bd4 cxb2+ 17. Kb1 Bf5 {[#] ...Rfc8 is the strong threat.} 18. Ne2 Rfc8 {[%csl Gc8][%cal Rf5c2]} 19. Rd2 dxe5 (19... Qxd2 $142 20. Qxf5 gxf5 21. Bb3 Rxb3 22. Bc3 Rbxc3 23. Nxc3 Rxc3 24. Kxb2 Rxc2+ 25. Kb1 Rxa2 26. exd6 Qc2#) 20. Bc3 Rxc3 $2 ({Better is} 20... Qa4 $19 21. Rhd1 e6) 21. Qxc3 $15 Qb6 {Hoping for ...e6.} 22. Rhd1 (22. Qb3 $11) 22... h6 $36 {[%mdl 2048] Black has strong initiative.} 23. Bb3 (23. Qb3 $142) 23... Nf4 ({And not} 23... Qxf2 24. Qc7 $11) (23... hxg5 $17 {White must now prevent ...Bf6.} 24. Qe3 Bf6 25. Qxb6 Rxb6 26. Kxb2 Bxh3) 24. gxh6 $11 Bxh6 25. Nxf4 (25. Ng3 $1 $11 {keeps the balance.} Rc8 26. Qxe5) 25... Bxf4 $17 ({Don't do} 25... exf4 26. Qe5 $11) 26. Rd7 $2 {This costs White the game.} (26. Rd5 $17) 26... Bxd7 $19 ({Not} 26... Qxf2 27. Rxe7 Qe2 28. Re1 $11) 27. Qc4 $2 (27. Rxd7 Qxf2 28. Rd1) 27... Be6 {Black is clearly winning.} 28. Qc3 Kg7 29. Re1 Bxb3 {Accuracy: White = 18%, Black = 38%.} 0-1